[Event "Frankfurter Stadtmeisterschaft 2005"]
[Site "Ffm-Kalbach, LAZ"]
[Date "2005.04.25"]
[Round "1"]
[White "Didicher, Dietmar"]
[Black "Ortiz-Rodriguez, Jose"]
[Result "1-0"]
[WhiteElo "1650"]
[BlackElo "1260"]
[PlyCount "81"]
[EventDate "2005.??.??"]

1. b4 d6 2. Bb2 Nf6 3. e3 c6 4. c4 Nbd7 5. Nf3 e5 6. Qc2 Be7 7. a3 O-O 8. Be2
Re8 9. O-O Bf8 10. Nc3 Qc7 11. Ne4 a6 12. Ng3 g6 13. h4 e4 14. Ng5 c5 15. N5xe4
cxb4 16. axb4 Nxe4 17. Nxe4 d5 18. Ng5 Ne5 19. h5 Bf5 20. e4 Bxe4 21. Nxe4 dxe4
22. Qxe4 Bxb4 23. hxg6 Nxg6 24. Qd4 Re5 25. Bf3 Rd8 26. Bd5 Qe7 27. f4 Bc5 28.
fxe5 Bxd4+ 29. Bxd4 Nxe5 30. Bc3 Kf8 31. Rae1 f6 32. Rxe5 Qc5+ 33. d4 Qa3 34.
Rxf6+ Kg7 35. Rf7+ Kg6 36. Re6+ Kg5 37. Bd2+ Kh4 38. Rf4+ Kh5 39. Bf3+ Kg5 40.
Rf7+ Kh4 41. Rh6+ 1-0